Legislative Powers In the United Nations and Specialized Agencies (Record no. 1175937)

MARC details
000 -LEADER
fixed length control field 00652nam a2200241Ia 4500
003 - CONTROL NUMBER IDENTIFIER
control field OSt
005 - DATE AND TIME OF LATEST TRANSACTION
control field 20221007101404.0
008 - FIXED-LENGTH DATA ELEMENTS--GENERAL INFORMATION
fixed length control field 221006b |||||||| |||| 00| 0 eng d
037 ## - SOURCE OF ACQUISITION
Terms of availability Textual
040 ## - CATALOGING SOURCE
Original cataloging agency LCO
Transcribing agency LCO
Language of cataloging eng
041 ## - LANGUAGE CODE
Source of code eng
Language code of text/sound track or separate title eng
100 ## - MAIN ENTRY--PERSONAL NAME
Personal name Yemin Edward
9 (RLIN) 702923
245 #0 - TITLE STATEMENT
Title Legislative Powers In the United Nations and Specialized Agencies
260 ## - PUBLICATION, DISTRIBUTION, ETC.
Place of publication, distribution, etc. Leyden
Name of publisher, distributor, etc. A.W. Sijthoff Netherlands
Date of publication, distribution, etc. 1969
300 ## - PHYSICAL DESCRIPTION
Extent 227
650 ## - SUBJECT ADDED ENTRY--TOPICAL TERM
Topical term or geographic name entry element UNITED NATIONS
942 ## - ADDED ENTRY ELEMENTS (KOHA)
Classification part Z1N4, K9
Koha item type Textual
Holdings
Withdrawn status Lost status Damaged status Not for loan Home library Current library Date acquired Total Checkouts Full call number Barcode Date last seen Price effective from Koha item type
        Law Centre-I Library Law Centre-I Library 2022-10-07   Z1N4 K9 LO0006733 2022-10-07 2022-10-07 Textual
Copyright @ Delhi University Library System